000 00917cam a2200265 4500
001 B2257
008 090401t1989 xxu||||| |||| 00| 0 eng d
035 _a(Sirsi) u48977
041 _aeng
050 _a336.21
090 _aRICS 1989/15 A
110 _aInstitution and College Conferences
_92330
245 _aRating:a basic guide to the revaluation 14 February 1989, The Barbican Centre, London
260 _aLondon
_bInstitution and College Conferences
_c1989
300 _a3 papers ; 4 other items.
350 _a0
520 _aPapers by Bloor,John , Dixon,Tom and Mabey Dennis . Part of a 3-day event Property Business Show . Includes synopses of other papers,programme and participant details.
650 _aCONFERENCE
650 _aLOCAL GOVERNMENT FINANCE ACT 1988
650 _aRATES AND RATING
650 _aRATING SURVEYORS
650 _aREVALUATION
942 _n0
948 _c04/03/1997
999 _c92451
_d92451